000
00205nam a2200097Ia 4500
008
120527s9999 xx 000 0 und d
100
_a
DUNN,P.D
245
_a
Heat Pipes.
260
_b
Pergamon
942
_c
BK
999
_c
23709
_d
23709